LEADER 01032nam a2200253 i 4500 001 000000249924 003 CaOOAMICUS 005 20160705000000.0 008 160705s1970 it u000 u ita u 013 $a228829 040 $aSeMil$bita 100 1 $aKutznetsov, Juri.$0(OLS)http://semarc/name/83309 245 10$aCapolavori fiamminghi e olandesi /$cJuri Kutznetsov. 260 $aMilano :$bFabbri,$cc 1970. 300 $a96 p. :$bill. ;$c31 cm. 490 0 $aI disegni dei maestri ;$v8 650 4$aDisegni fiamminghi - Sec. 15.-17.$0(OLS)http://semarc/subject/42917 650 4$aDisegni olandesi - Sec. 15.-17.$0(OLS)http://semarc/subject/42918 830 2$aI disegni dei maestri ;$v8.$0(OLS)http://semarc/title/44418 850 $aSeMil 852 $aSeMil$W1$xVenegono$y1$m5F XVI 34/8$j200270$B200270$CSeMilBibl$Z2$F213306 $81 961 $aOmaggio: Sagramoso Guido 996 $6245$aCapolavori fiamminghi e olandesi$9(OLS)http://semarc/title/352115 996 $6260$aMilano :$bFabbri$9(OLS)http://semarc/publisher/30054 LEADER 00751nas a2200169 i 4500 001 000000011850 003 CaOOAMICUS 005 20200210100224.0 008 180830n1931 vc zx l u0 z|ita u 040 $aSeMil$bita 110 0 $aPontificio Istituto di Archeologia Cristiana .$0(OLS)http://semarc/name/2241 245 10$aStudi di antichità cristiana / Pontificio Istituto di archeologia cristiana. 264 1$aRoma :$bPontificio Istituto di Archeologia Cristiana,$c1931- 300 $av. ;$c28 cm. 996 $6245$aStudi di antichità cristiana / Pontificio Istituto di archeologia cristiana$9(OLS)http://semarc/title/15683 996 $6264$aRoma :$bPontificio Istituto di Archeologia Cristiana$9(OLS)http://semarc/publisher/33057